MG Cars Over Time Quiz Stats

 Plays Quiz not verified by Sporcle

Score 0/12 Timer 03:00
0 Plays Today
% Correct
MG Xpower SV
77.9%
MG F
72.8%
MG ZR
69.8%
MG MGC GT
68.9%
MG Midget
66.4%
MG RV8
60.4%
MG MGA 1500 Roadster
56.6%
MG C-type Midget
55.7%
MG WA
54.5%
MG 14-28
51.1%
MG TF Midget
48.1%
MG ZS
47.7%

You're not logged in!

Compare scores with friends on all Sporcle quizzes.
OR
Log In

Sporcle TV

Today on Sporcle TV


Watch our educational content, quiz creation guides, and fun videos on Sporcle TV.

Show Comments

Extras

Top Quizzes Today


Score Distribution

Your Account Isn't Verified!

In order to create a playlist on Sporcle, you need to verify the email address you used during registration. Go to your Sporcle Settings to finish the process.

Report this User

Report this user for behavior that violates our Community Guidelines.

Details: